| 000 | 01034nam a2200229 i 4500 | ||
|---|---|---|---|
| 001 | 47524 | ||
| 003 | ES-MaACL | ||
| 005 | 20230906161602.0 | ||
| 007 | t| | ||
| 008 | 030430s1944 sp ||||1| spa d | ||
| 080 | _a821.134.2 Cervantes Saavedra, Miguel de 7 Don Quijote de la Mancha.07 | ||
| 080 | _a821.134.2 Fernández de Avellaneda, Alonso 7 Quijote. 07 | ||
| 100 | 1 |
_aGarcía Soriano, Justo, _d1884-1949 _955310 |
|
| 245 | 1 | 4 |
_aLos dos "Don Quijotes" _b: investigaciones acerca de la génesis de "El ingenioso hidalgo" y de quién pudo ser Avellaneda / _cJusto García Soriano. |
| 260 |
_aToledo : _b[s.n.], _c1944 ( _fRafel Gómez-Menor) |
||
| 300 |
_a292 p. ; _c24 cm. |
||
| 600 | 1 | 4 |
_aCervantes Saavedra, Miguel de, _d1547-1616. _tDon Quijote de la Mancha _937612 |
| 600 | 1 | 4 |
_aFernández de Avellaneda, Alonso. _tSegundo tomo del ingenioso hidalgo don Quijote de la Mancha. _949625 |
| 852 |
_aES-MaACL _jE-1911 _bR.22884 |
||
| 852 |
_aES-MaACL _jG-541 _z.- Donat. Ernesto García Camarero |
||
| 999 |
_c47524 _d47524 |
||